000 00596nam a22002057a 4500
005 20150624105336.0
010 _aENG-113008
020 _a9789381714317
_c1395.00
035 _aEN-96540
037 _bDBAD/PUB
082 _a363.34
245 _aDisaster management /
_cedited by Vinod K. Sharma
250 _a2nd ed
260 _aNew Delhi
_bMedTech
_c2014
270 _a4850/24, Ansari Road, Daryaganj
_bNew Delhi
_e110002
300 _ax,373p.
_c25cm(Hb)
500 _aIncludes bibliographical references
700 _aSharma, Vinod K.
942 _2ddc
_cEN
_mDIS
_h363.34
999 _c93501
_d93501